| 000 | 00530nam a2200169 i 4500 | ||
|---|---|---|---|
| 001 | 64848 | ||
| 003 | ES-MaACL | ||
| 005 | 20230906165228.0 | ||
| 007 | t| | ||
| 008 | 040105s1926 fr ||||1| fre d | ||
| 100 | 1 |
_aFourment, Marcel. _951965 |
|
| 245 | 1 | 0 |
_aMetallurgies du plomb du nickel et du cobalt et alliages deces métaux / _cpar Marcel Fourment [et] León Grillet. |
| 260 |
_aParís : _bJ.B. Baillière et Fils, _c1926. |
||
| 300 |
_a492 p. ; _c24 cm. |
||
| 700 | 1 |
_aGrillet, León. _960030 |
|
| 852 |
_aES-MaACL _jB-12194 |
||
| 999 |
_c64848 _d64848 |
||